00820nam a22002057a 450000500170000000800410001702000150005804000090007304100080008208200220009010000170011224500180012926000370014730000280018436500120021252003430022465000140056765000140058170000190059520220719145123.0220719b ||||| |||| 00| 0 eng d a058608200X cAloy aeng 223a942.924bFOOA aMichael Foot aAneurin Bevan aLondonbGranada Publishingc1979 avii,352p.bPBc19x11cm. 2History aAn abridged version of Michael Foot's biography of Labour leader Aneurin Bevan, published to commemorate the centenary of his birth. Bevan died in 1960, and was acclaimed by all sides as a great politician. Throughout his life he was at the centre of controversy, seemingly at war with leaders of all political parties, including his own. aBiography aSocialist aFOOT (Michael)